[Event "Aut_chT"]
[Site "Fürstenfeld"]
[Date "2003.??.??"]
[Round "9.3"]
[White "Gaertner, Guntram"]
[Black "Fuchs, Georg"]
[Result "0-1"]
[WhiteElo "2357"]
[BlackElo "2244"]
[PlyCount "122"]
[EventDate "2003.03.14"]

1. b3 d5 2. Bb2 c5 3. e3 Nf6 4. Nf3 e6 5. Be2 Be7 6. O-O O-O 7. c4 Nc6 8. cxd5
Nxd5 9. Na3 Ndb4 10. Nc4 Nd3 11. Bc3 b5 12. Nce5 Ncxe5 13. Nxe5 Nxe5 14. Bxe5
Bb7 15. Bxb5 Qd5 16. Qf3 Qxf3 17. gxf3 Bxf3 18. Rfe1 Rad8 19. Be2 Be4 20. f3
Bc2 21. Bc3 Bf6 22. Rac1 Bxc3 23. dxc3 Rd2 24. Bc4 Rfd8 25. Re2 Bd1 26. Rf2 g5
27. Kf1 Bxf3 28. Rxf3 Rxh2 29. Rg3 h6 30. Rg2 Rh1+ 31. Rg1 Rh2 32. Rg2 Rh1+ 33.
Rg1 Rh2 34. Re1 Rdd2 35. Re2 Rd1+ 36. Re1 Rdd2 37. Re2 Rd1+ 38. Re1 Rdd2 39.
Be2 Rxa2 40. b4 cxb4 41. cxb4 Ra3 42. Rg3 f5 43. Bc4 Kf7 44. Rg2 Rh1+ 45. Rg1
Rh4 46. Be2 Kf6 47. Kf2 h5 48. Rh1 Rxh1 49. Rxh1 h4 50. b5 e5 51. Rc1 g4 52.
Rc8 g3+ 53. Kg2 Ra2 54. Kf1 h3 55. Rf8+ Ke7 56. Rf7+ Ke8 57. Rxf5 g2+ 58. Kg1
Ra1+ 59. Bf1 gxf1=Q+ 60. Rxf1 h2+ 61. Kg2 Rxf1 0-1

[Event "Aut_chT"]
[Site "Fürstenfeld"]
[Date "2003.??.??"]
[Round "9.3"]
[White "Hoellrigl, Wilfried"]
[Black "Grabher, Heinz"]
[Result "0-1"]
[WhiteElo "2198"]
[BlackElo "2227"]
[PlyCount "68"]
[EventDate "2003.03.14"]

1. e4 e5 2. Nf3 Nc6 3. Bb5 f5 4. Nc3 fxe4 5. Nxe4 d5 6. Nxe5 dxe4 7. Nxc6 Qg5
8. Qe2 Nf6 9. f4 Qxf4 10. d4 Qh4+ 11. g3 Qh3 12. Ne5+ c6 13. Bc4 Be6 14. Bg5
Bd6 15. O-O-O O-O-O 16. Qf1 Rhe8 17. Qxh3 Bxh3 18. Nf7 Rd7 19. Nxd6+ Rxd6 20.
Rhe1 Nd5 21. Bxd5 cxd5 22. Re3 Kd7 23. Rg1 Rg6 24. Bf4 Rf8 25. Rge1 Rc6 26. Kd2
h6 27. Be5 Bg4 28. c3 Rf2+ 29. Kc1 Rb6 30. h3 Rfxb2 31. c4 Bxh3 32. cxd5 Rxa2
33. Rxe4 Bf5 34. R4e2 Rb1# 0-1

[Event "Aut_chT"]
[Site "Fürstenfeld"]
[Date "2003.??.??"]
[Round "9.4"]
[White "Lutz, Christopher"]
[Black "Bischoff, Klaus"]
[Result "1-0"]
[WhiteElo "2640"]
[BlackElo "2564"]
[PlyCount "89"]
[EventDate "2003.03.14"]

1. e4 c5 2. Nf3 e6 3. d4 cxd4 4. Nxd4 Nc6 5. Nc3 d6 6. Be3 a6 7. f4 Bd7 8. Qf3
Nxd4 9. Bxd4 Ne7 10. O-O-O Nc6 11. Bf2 b5 12. Kb1 Be7 13. h4 Rc8 14. g4 Qc7 15.
Bd3 O-O 16. g5 Nb4 17. a3 Nxd3 18. Qxd3 a5 19. f5 b4 20. f6 bxc3 21. fxe7 Rfe8
22. Qxd6 Qb7 23. Qb6 Bc6 24. Qxb7 Bxb7 25. Rhe1 cxb2 26. Rd7 Bc6 27. Ra7 f6 28.
Bb6 a4 29. Bd8 Kf7 30. Kxb2 h6 31. gxh6 gxh6 32. Re2 Bb5 33. Rf2 Rc4 34. Rb7
Ba6 35. Rb6 Bc8 36. Rb4 Rxb4+ 37. axb4 Ba6 38. Ka3 Bb5 39. Rf3 Bc6 40. Re3 f5
41. exf5 exf5 42. c4 f4 43. Re1 Bg2 44. b5 f3 45. Re4 1-0

[Event "Aut_chT"]
[Site "Fürstenfeld"]
[Date "2003.??.??"]
[Round "9.4"]
[White "Horvath, Csaba"]
[Black "Beim, Valeri"]
[Result "1/2-1/2"]
[WhiteElo "2506"]
[BlackElo "2553"]
[PlyCount "26"]
[EventDate "2003.03.14"]

1. d4 d6 2. e4 Nf6 3. Nc3 g6 4. Be3 Bg7 5. Qd2 a6 6. Bh6 Bxh6 7. Qxh6 e5 8.
dxe5 dxe5 9. Nf3 Nc6 10. Bc4 Be6 11. Rd1 Qe7 12. Bxe6 fxe6 13. O-O Nd7 1/2-1/2

[Event "Aut_chT"]
[Site "Fürstenfeld"]
[Date "2003.??.??"]
[Round "9.4"]
[White "Lau, Ralf"]
[Black "Hoelzl, Franz"]
[Result "1/2-1/2"]
[WhiteElo "2506"]
[BlackElo "2349"]
[PlyCount "83"]
[EventDate "2003.03.14"]

1. e4 c5 2. Nc3 e6 3. Nge2 Nc6 4. g3 Nge7 5. Bg2 d6 6. O-O Bd7 7. d3 Nd4 8. Be3
Nec6 9. f4 Be7 10. Kh1 O-O 11. a3 a5 12. Bf2 Bf6 13. Rb1 b5 14. Nxd4 Nxd4 15.
Ne2 b4 16. axb4 axb4 17. Nxd4 Bxd4 18. e5 dxe5 19. fxe5 Ra5 20. Qe1 Qb8 21.
Bxd4 cxd4 22. Rf4 Rxe5 23. Qf2 b3 24. cxb3 Rb5 25. Rf1 Be8 26. Rg4 h5 27. Rxd4
Rxb3 28. Rb1 Qb6 29. Kg1 Bb5 30. Bf1 g6 31. Rd1 e5 32. Re4 Qxf2+ 33. Kxf2 Rxb2+
34. Re2 Rxe2+ 35. Bxe2 Rd8 36. Ke3 Kg7 37. Rc1 Rd5 38. Rc3 Bd7 39. Bf3 Ra5 40.
d4 exd4+ 41. Kxd4 Ra2 42. h4 1/2-1/2

[Event "Aut_chT"]
[Site "Fürstenfeld"]
[Date "2003.??.??"]
[Round "9.4"]
[White "Steflitsch, Erich"]
[Black "Mhady, Khaled"]
[Result "1/2-1/2"]
[WhiteElo "2396"]
[BlackElo "2374"]
[PlyCount "99"]
[EventDate "2003.03.14"]

1. e4 e5 2. Nf3 Nc6 3. Bb5 a6 4. Ba4 Nf6 5. O-O Be7 6. Re1 b5 7. Bb3 d6 8. c3
O-O 9. h3 Nd7 10. d4 Bf6 11. a4 Rb8 12. axb5 axb5 13. Qd3 exd4 14. Nxd4 Nc5 15.
Qd1 Nxd4 16. cxd4 Bxd4 17. Nc3 Qh4 18. Be3 Nxb3 19. Qxb3 Be6 20. Qc2 Bf6 21. f4
Rfe8 22. f5 Bc4 23. Bf2 Qf4 24. Rad1 b4 25. Nb1 Bb5 26. Nd2 Qe5 27. Rb1 c5 28.
Nf3 Qf4 29. Re3 b3 30. Rxb3 Qxe4 31. Qxe4 Rxe4 32. Rd1 Rb4 33. Rxb4 cxb4 34.
Bd4 Be2 35. Rd2 Bxf3 36. Bxf6 Be4 37. Be7 d5 38. Rd4 b3 39. f6 gxf6 40. Bxf6
Rb6 41. Be5 Re6 42. Bf4 Kg7 43. Kf2 Rb6 44. g4 Kg6 45. Kg3 h5 46. Ra4 Rf6 47.
g5 Rc6 48. Rb4 f6 49. gxf6 Rxf6 50. Rxb3 1/2-1/2

[Event "Aut_chT"]
[Site "Fürstenfeld"]
[Date "2003.??.??"]
[Round "9.4"]
[White "Kleiser, Gregor"]
[Black "Titz, Heimo"]
[Result "1/2-1/2"]
[WhiteElo "2201"]
[BlackElo "2326"]
[PlyCount "143"]
[EventDate "2003.03.14"]

1. d4 Nf6 2. c4 e6 3. Nc3 Bb4 4. e3 c5 5. Nge2 cxd4 6. exd4 O-O 7. a3 Be7 8.
Nf4 d5 9. cxd5 exd5 10. Be2 Nc6 11. O-O Be6 12. Bf3 Qd7 13. Be3 Rac8 14. Rc1
Na5 15. Nxe6 fxe6 16. Rc2 a6 17. Re2 Nc4 18. Bc1 b5 19. Nb1 Rc6 20. Rfe1 Rfc8
21. Bg5 Bf8 22. g3 Qf7 23. Kg2 Nb6 24. Nd2 Nc4 25. Bxf6 Nxd2 26. Qxd2 gxf6 27.
Qf4 Bg7 28. Rxe6 Rxe6 29. Qf5 Rxe1 30. Bxd5 Rd8 31. Bxf7+ Kxf7 32. Qxh7 Rxd4
33. Qc2 Re7 34. h4 Rc4 35. Qh7 Ke6 36. h5 Bf8 37. Qg6 Rf7 38. h6 Rcc7 39. Qe4+
Kd6 40. Qf4+ Ke6 41. Qe4+ Kd6 42. Qf4+ Kc6 43. Qf3+ Kb6 44. h7 Bg7 45. Qe3+ Kb7
46. Qe8 f5 47. h8=Q Bxh8 48. Qxh8 Rcd7 49. Qe5 Rc7 50. Kf3 Kb6 51. Qe6+ Ka7 52.
Kf4 Rc4+ 53. Kg5 Rg4+ 54. Kh6 Rgg7 55. Qe5 Rh7+ 56. Kg6 Rc7 57. Qd4+ Kb7 58.
Qd5+ Kb6 59. Qd4+ Kb7 60. b3 Rhd7 61. Qe5 Rc6+ 62. Kg5 Rcd6 63. a4 Rd5 64. Qa1
bxa4 65. bxa4 Kb6 66. Qc3 Rc5 67. Qb4+ Kc6 68. Qb3 Rd6 69. f4 a5 70. Qb8 Rcd5
71. Qa7 Rc5 72. Qa8+ 1/2-1/2

[Event "Aut_chT"]
[Site "Fürstenfeld"]
[Date "2003.??.??"]
[Round "9.4"]
[White "Petschar, Kurt"]
[Black "Schwaninger, Wolfgang"]
[Result "1-0"]
[WhiteElo "2291"]
[BlackElo "2188"]
[PlyCount "59"]
[EventDate "2003.03.14"]

1. e4 d6 2. d4 Nf6 3. Nc3 g6 4. Bg5 c6 5. f4 Qa5 6. Qd2 h6 7. Bh4 Bg7 8. Nf3 a6
9. Bd3 b5 10. O-O Qb6 11. Kh1 Ra7 12. e5 Nd5 13. exd6 Nxc3 14. bxc3 exd6 15.
Rae1+ Kf8 16. f5 g5 17. Bg3 Qd8 18. c4 bxc4 19. Bxc4 a5 20. Qe3 Bf6 21. Qa3 Kg7
22. Bxd6 Ba6 23. Bxa6 Nxa6 24. Ne5 Qb6 25. Ng4 Bxd4 26. f6+ Kg6 27. Qd3+ Kh5
28. c3 Qb5 29. Qh3+ Kg6 30. cxd4 1-0

[Event "Aut_chT"]
[Site "Fürstenfeld"]
[Date "2003.??.??"]
[Round "9.5"]
[White "Mueller, Karsten"]
[Black "Kindermann, Stefan"]
[Result "0-1"]
[WhiteElo "2507"]
[BlackElo "2516"]
[PlyCount "66"]
[EventDate "2003.03.14"]

1. e4 e6 2. d4 d5 3. Nd2 c5 4. Ngf3 Nf6 5. exd5 exd5 6. Bb5+ Bd7 7. Bxd7+ Nbxd7
8. O-O Be7 9. dxc5 Nxc5 10. Nb3 Nce4 11. Nfd4 Qd7 12. Qf3 O-O 13. Nf5 Bd8 14.
Be3 g6 15. Ng3 a5 16. a4 Re8 17. Rfd1 Qc8 18. c3 Ra6 19. Nd4 Ng4 20. Nxe4 dxe4
21. Qe2 Bc7 22. h3 Nxe3 23. fxe3 Bb8 24. Nb5 Qc5 25. g4 Rf6 26. Rf1 Rf3 27.
Rxf3 exf3 28. Qf2 Rxe3 29. Nd4 Qe7 30. Nxf3 Ba7 31. Kh1 Rxc3 32. Qf1 Re3 33.
Re1 Rxf3 0-1

[Event "Aut_chT"]
[Site "Fürstenfeld"]
[Date "2003.??.??"]
[Round "9.5"]
[White "Freitag, Manfred"]
[Black "Polzin, Rainer"]
[Result "0-1"]
[WhiteElo "2389"]
[BlackElo "2467"]
[PlyCount "104"]
[EventDate "2003.03.14"]

1. d4 Nf6 2. c4 g6 3. Nf3 Bg7 4. g3 O-O 5. Bg2 d6 6. O-O Nbd7 7. Nc3 e5 8. e4
a6 9. h3 b5 10. dxe5 Nxe5 11. Nxe5 dxe5 12. Qxd8 Rxd8 13. Bg5 c6 14. cxb5 axb5
15. a4 b4 16. Rfd1 Rd7 17. Ne2 Rxa4 18. Rxa4 Rxd1+ 19. Kh2 h6 20. Be3 Bf8 21.
Ra8 Bb7 22. Rb8 Ba6 23. Nc1 Kg7 24. Bf3 Rd7 25. Nb3 Bd6 26. Rb6 Bb5 27. Nc5
Bxc5 28. Bxc5 Rd2 29. b3 Rb2 30. Bd6 Rxf2+ 31. Bg2 Nxe4 32. Bxe5+ f6 33. Rb7+
Kg8 34. Bd4 Rd2 35. Be3 Rb2 36. Kg1 Nxg3 37. Bc5 Nf5 38. Be4 Rxb3 39. Rxb5 Rg3+
40. Kf2 cxb5 41. Bxf5 Rg5 42. Be6+ Kg7 43. Bd4 b3 44. Bxb3 b4 45. Be6 Rb5 46.
Bc4 Rb8 47. Bb3 g5 48. Kf3 Kg6 49. Ke4 f5+ 50. Kd5 h5 51. Be5 Rb5+ 52. Ke6 g4
0-1

[Event "Aut_chT"]
[Site "Fürstenfeld"]
[Date "2003.??.??"]
[Round "9.5"]
[White "Schwarz, Michael"]
[Black "Karner, Christoph"]
[Result "1/2-1/2"]
[WhiteElo "2410"]
[BlackElo "2343"]
[PlyCount "94"]
[EventDate "2003.03.14"]

1. g3 Nf6 2. Bg2 g6 3. d4 Bg7 4. e4 d6 5. Ne2 O-O 6. O-O e5 7. c4 exd4 8. Nxd4
Nbd7 9. Nc3 Re8 10. f3 c6 11. Nde2 Nb6 12. Qd3 d5 13. cxd5 cxd5 14. Bg5 h6 15.
Bxf6 Qxf6 16. Rad1 dxe4 17. fxe4 Qe7 18. Nf4 Bg4 19. Rd2 Qc5+ 20. Kh1 Nc4 21.
Rdf2 Ne3 22. Rc1 Rad8 23. Qb5 Qxb5 24. Nxb5 Nxg2 25. Kxg2 Rxe4 26. h3 Bd7 27.
Nd6 Rxf4 28. Rxf4 Bc6+ 29. Rxc6 bxc6 30. Nc4 Rd1 31. Rf2 Bd4 32. Rc2 Ra1 33. b3
f5 34. Na5 c5 35. Nc6 Kf7 36. b4 Rg1+ 37. Kh2 Rf1 38. bxc5 Rf2+ 39. Rxf2 Bxf2
40. Nxa7 Bxc5 41. Nb5 Ke6 42. Kg2 g5 43. a4 Bb6 44. g4 fxg4 45. hxg4 Kf6 46.
Nd6 Kg6 47. Nc4 Bc7 1/2-1/2

[Event "Aut_chT"]
[Site "Fürstenfeld"]
[Date "2003.??.??"]
[Round "9.5"]
[White "Watzka, Horst"]
[Black "Schlosser, Michael"]
[Result "0-1"]
[WhiteElo "2337"]
[BlackElo "2344"]
[PlyCount "80"]
[EventDate "2003.03.14"]

1. e4 g6 2. d4 c6 3. Nc3 d5 4. Nf3 Bg4 5. Be2 Nf6 6. e5 Ne4 7. Nxe4 dxe4 8. Ng1
Bxe2 9. Nxe2 c5 10. c3 Nc6 11. O-O Bg7 12. Be3 O-O 13. Qa4 Qd7 14. dxc5 Nxe5
15. Qxe4 f5 16. Qb4 Ng4 17. Rad1 Qc7 18. g3 e5 19. Bc1 Rad8 20. Bg5 Rxd1 21.
Rxd1 f4 22. h3 Nxf2 23. Kxf2 h6 24. Bxf4 g5 25. Qb5 exf4 26. gxf4 gxf4 27. Rd7
Qe5 28. Qxb7 Qe3+ 29. Ke1 Bf6 30. Qd5+ Kh8 31. Qd3 Bh4+ 32. Kd1 Qxd3+ 33. Rxd3
f3 34. Rxf3 Rxf3 35. Nd4 Rxh3 36. c6 Bg3 37. Ne6 Rh1+ 38. Kc2 h5 39. c7 Bxc7
40. Nxc7 h4 0-1

[Event "Aut_chT"]
[Site "Fürstenfeld"]
[Date "2003.??.??"]
[Round "9.5"]
[White "Kotz, Heinz Peter"]
[Black "Singer, Richard"]
[Result "1/2-1/2"]
[WhiteElo "2325"]
[BlackElo "2281"]
[PlyCount "22"]
[EventDate "2003.03.14"]

1. e4 g6 2. d4 Bg7 3. Nc3 c6 4. Nf3 d5 5. h3 Nh6 6. Bf4 dxe4 7. Nxe4 Qa5+ 8.
Qd2 Qxd2+ 9. Bxd2 Nf5 10. Bc3 O-O 11. O-O-O Nd6 1/2-1/2

[Event "Aut_chT"]
[Site "Fürstenfeld"]
[Date "2003.??.??"]
[Round "9.5"]
[White "Wegerer, Fred"]
[Black "Perhinig, Robert"]
[Result "0-1"]
[WhiteElo "2240"]
[BlackElo "2229"]
[PlyCount "75"]
[EventDate "2003.03.14"]

1. d4 d5 2. Nf3 Nf6 3. c4 e6 4. cxd5 exd5 5. Bg5 c6 6. Nc3 h6 7. Bh4 Bf5 8. e3
Qb6 9. Bd3 Bxd3 10. Qxd3 Be7 11. O-O O-O 12. b4 Nbd7 13. Rab1 a6 14. Na4 Qd8
15. Nc5 b5 16. Ne5 Nxc5 17. bxc5 Qc8 18. f3 Re8 19. Rb2 Qe6 20. Bxf6 Bxf6 21.
f4 Bd8 22. f5 Qf6 23. h3 Bc7 24. Ng4 Qg5 25. f6 g6 26. Rf3 h5 27. Nf2 Re6 28.
Re2 Rae8 29. g4 Rxf6 30. Rxf6 Qxf6 31. gxh5 Qg5+ 32. Kf1 gxh5 33. e4 Qc1+ 34.
Re1 Qc4 35. exd5 Rxe1+ 36. Kxe1 cxd5 37. Qd2 Kh7 38. a3 0-1

[Event "Aut_chT"]
[Site "Fürstenfeld"]
[Date "2003.??.??"]
[Round "9.6"]
[White "Pinter, Jozsef"]
[Black "Wells, Peter"]
[Result "1/2-1/2"]
[WhiteElo "2562"]
[BlackElo "2486"]
[PlyCount "102"]
[EventDate "2003.03.14"]

1. d4 Nf6 2. c4 e6 3. Nf3 d5 4. Nc3 dxc4 5. e3 a6 6. Bxc4 b5 7. Bd3 Bb7 8. Qe2
Nbd7 9. a4 b4 10. Nb1 c5 11. Nbd2 Be7 12. O-O O-O 13. Rd1 Qc7 14. Nc4 Be4 15.
Bd2 cxd4 16. exd4 Bxd3 17. Qxd3 Qb7 18. Rac1 Rfc8 19. Bg5 h6 20. Bxf6 Nxf6 21.
Nfe5 Qe4 22. Qxe4 Nxe4 23. Nb6 Rxc1 24. Rxc1 Re8 25. Nc6 Bf8 26. Nd7 Bd6 27. g3
Kh7 28. Nc5 Bxc5 29. dxc5 Rc8 30. Nxb4 Rxc5 31. Rxc5 Nxc5 32. a5 Kg6 33. f3 Kf5
34. Nc6 Nb3 35. Kf2 e5 36. Ke3 Ke6 37. Kd3 Kd6 38. Nb8 Nxa5 39. Nxa6 f5 40. Nb4
Kc5 41. Kc3 g5 42. Nc2 Nc4 43. b3 Nd6 44. b4+ Kd5 45. Ne3+ Ke6 46. Kd3 h5 47.
h3 e4+ 48. fxe4 Nxe4 49. g4 hxg4 50. hxg4 Nf2+ 51. Ke2 Nxg4 1/2-1/2

[Event "Aut_chT"]
[Site "Fürstenfeld"]
[Date "2003.??.??"]
[Round "9.6"]
[White "Rabiega, Robert"]
[Black "Baumegger, Siegfried"]
[Result "1-0"]
[WhiteElo "2503"]
[BlackElo "2350"]
[PlyCount "71"]
[EventDate "2003.03.14"]

1. e4 e5 2. Bc4 Nf6 3. d3 Bc5 4. Nf3 d6 5. O-O O-O 6. c3 Bb6 7. Re1 c6 8. Bb3
Nbd7 9. Nbd2 Re8 10. Nf1 Nf8 11. Ng3 h6 12. h3 Be6 13. Bc2 Ng6 14. d4 Qc7 15.
Be3 Rad8 16. Qc1 Bc8 17. a4 a5 18. Nf5 exd4 19. Bxh6 d5 20. Nxg7 d3 21. Nxe8
Rxe8 22. Bxd3 Bxh3 23. Be3 Bxg2 24. Bxb6 Qxb6 25. Kxg2 dxe4 26. Qg5 c5 27. Bb5
exf3+ 28. Kg1 Rxe1+ 29. Rxe1 Kg7 30. Bd3 Qd6 31. Bxg6 fxg6 32. Qe3 Qd5 33. Qe7+
Qf7 34. Qxc5 Nd5 35. Re5 Qd7 36. Qd4 1-0

[Event "Aut_chT"]
[Site "Fürstenfeld"]
[Date "2003.03.14"]
[Round "9.6"]
[White "Kuba, Guenter"]
[Black "Muse, Mladen"]
[Result "0-1"]
[WhiteElo "2307"]
[BlackElo "2456"]
[PlyCount "80"]
[EventDate "2003.03.14"]

1. e4 c5 2. Nf3 Nc6 3. Bb5 g6 4. O-O Bg7 5. Re1 e5 6. b4 cxb4 7. a3 b3 8. Bb2
bxc2 9. Qxc2 Nge7 10. d4 Nxd4 11. Nxd4 exd4 12. Nd2 O-O 13. e5 d6 14. Bxd4 Nf5
15. Bc3 dxe5 16. Bxe5 Nd4 17. Qb2 Bxe5 18. Rxe5 Nxb5 19. Rxb5 b6 20. Ne4 f6 21.
h4 Qe7 22. Re1 Bb7 23. f3 Bc6 24. Rb4 f5 25. Qc3 Bxe4 26. fxe4 f4 27. h5 f3 28.
gxf3 Qg5+ 29. Kf2 Qh4+ 30. Kg2 Qg5+ 31. Kf2 Qxh5 32. Qb3+ Rf7 33. e5 Qh2+ 34.
Kf1 Qg3 35. Re3 Raf8 36. Rd4 Kg7 37. Rdd3 Qh3+ 38. Kf2 Qh2+ 39. Kf1 Rf5 40. Re2
Qg3 0-1

[Event "Aut_chT"]
[Site "Fürstenfeld"]
[Date "2003.??.??"]
[Round "9.6"]
[White "Fahrner, Kurt"]
[Black "Kilgus, Georg"]
[Result "0-1"]
[WhiteElo "2364"]
[BlackElo "2346"]
[PlyCount "56"]
[EventDate "2003.03.14"]

1. d4 Nf6 2. c4 g6 3. Nc3 Bg7 4. Nf3 O-O 5. Bg5 c5 6. e3 d6 7. Be2 h6 8. Bh4
Bf5 9. O-O Ne4 10. Nxe4 Bxe4 11. dxc5 g5 12. Bg3 dxc5 13. Ne5 Qb6 14. Bf3 Rd8
15. Qe2 Bxf3 16. Qxf3 f6 17. Ng6 e6 18. h4 Nc6 19. hxg5 hxg5 20. Qg4 Nb4 21. a3
Nd3 22. b4 Rd7 23. Rab1 Re8 24. Rfd1 Qd8 25. Qh5 cxb4 26. axb4 f5 27. c5 e5 28.
b5 Re6 0-1

[Event "Aut_chT"]
[Site "Fürstenfeld"]
[Date "2003.??.??"]
[Round "9.6"]
[White "Postl, Anton"]
[Black "Frosch, Erich"]
[Result "0-1"]
[WhiteElo "2322"]
[BlackElo "2343"]
[PlyCount "40"]
[EventDate "2003.03.14"]

1. Nf3 g6 2. g3 Bg7 3. Bg2 e5 4. e4 d6 5. d4 exd4 6. Nxd4 Ne7 7. Nc3 O-O 8. Bg5
f6 9. Be3 Nbc6 10. Qd2 Ne5 11. b3 c5 12. Nde2 Bh3 13. O-O Bxg2 14. Kxg2 f5 15.
Bh6 Bxh6 16. Qxh6 fxe4 17. Nxe4 Nf5 18. Qd2 Qd7 19. Qd5+ Kh8 20. Nxc5 Qb5 0-1

[Event "Aut_chT"]
[Site "Fürstenfeld"]
[Date "2003.??.??"]
[Round "9.6"]
[White "Ebner, Hubert"]
[Black "Rigo, Janos"]
[Result "0-1"]
[WhiteElo "2235"]
[BlackElo "2323"]
[PlyCount "90"]
[EventDate "2003.03.14"]

1. d4 f5 2. g3 g6 3. Bg2 Bg7 4. Nf3 Nf6 5. O-O O-O 6. c4 d6 7. b4 Ne4 8. Bb2 c5
9. bxc5 dxc5 10. Nc3 Nc6 11. e3 Be6 12. Qa4 Qa5 13. Qxa5 Nxa5 14. Nxe4 fxe4 15.
Ng5 Bxc4 16. Rfc1 cxd4 17. Bxd4 Bxd4 18. exd4 Rad8 19. Nxe4 Rxd4 20. Rc3 Rfd8
21. h4 b5 22. a3 Nb3 23. Re1 Rd1 24. Rce3 Rxe1+ 25. Rxe1 Nd4 26. Ng5 e6 27. Re5
Bd5 28. Re1 h6 29. Ne4 Kf7 30. Rb1 a6 31. a4 Ne2+ 32. Kh2 Bxe4 33. Bxe4 Nc3 34.
Re1 Nxa4 35. Rc1 b4 36. Rc7+ Kf6 37. f4 Nc3 38. Bf3 h5 39. g4 hxg4 40. Bxg4
Rd2+ 41. Kg3 Rd3+ 42. Kg2 Nd5 43. Rc6 Nxf4+ 44. Kh2 a5 45. Rb6 b3 0-1

[Event "Aut_chT"]
[Site "Fürstenfeld"]
[Date "2003.03.15"]
[Round "10.1"]
[White "Tischbierek, Raj"]
[Black "Wells, Peter"]
[Result "0-1"]
[WhiteElo "2506"]
[BlackElo "2486"]
[PlyCount "87"]
[EventDate "2003.03.14"]

1. e4 c5 2. Nf3 Nc6 3. Nc3 e6 4. d4 cxd4 5. Nxd4 Nf6 6. Nxc6 bxc6 7. e5 Nd5 8.
Ne4 Qc7 9. f4 Qb6 10. Bd3 Be7 11. c4 f5 12. Nf2 Ne3 13. Qf3 Qb4+ 14. Ke2 Nxc4
15. b3 Nb6 16. g4 Nd5 17. gxf5 exf5 18. Bd2 Qd4 19. Rac1 Bb4 20. Rc4 Qb6 21.
Bxb4 Nxb4 22. Bxf5 O-O 23. Bxh7+ Kxh7 24. Qe4+ Kg8 25. Rxb4 Ba6+ 26. Kf3 Qc5
27. Rd4 d5 28. Qe3 Qe7 29. b4 Bc8 30. Rc1 a5 31. a3 axb4 32. axb4 Bd7 33. e6
Rae8 34. Kg2 Qd8 35. Ng4 Rxe6 36. Ne5 Rh6 37. Qg3 Qb6 38. Rcd1 Bf5 39. Qe3 Ra8
40. R1d2 Qb5 41. Qc3 Bh3+ 42. Kg3 Qf1 43. Qe3 Bf5 44. h4 0-1

[Event "Aut_chT"]
[Site "Fürstenfeld"]
[Date "2003.03.15"]
[Round "10.1"]
[White "Druckenthaner, Andreas"]
[Black "Muse, Mladen"]
[Result "0-1"]
[WhiteElo "2318"]
[BlackElo "2456"]
[PlyCount "192"]
[EventDate "2003.03.14"]

1. e4 c5 2. Nf3 Nc6 3. Nc3 e5 4. g3 g6 5. Bg2 Bg7 6. O-O d6 7. d3 h6 8. Nd2 Nf6
9. Nc4 O-O 10. Nb5 Ne8 11. f4 a6 12. Nc3 exf4 13. Bxf4 Rb8 14. Bc1 b5 15. Ne3
Nf6 16. Ncd5 Nxd5 17. Nxd5 b4 18. Be3 Ne5 19. h3 Bb7 20. Qd2 Kh7 21. Nf4 a5 22.
Rad1 a4 23. b3 Nc6 24. Ne2 Ba6 25. Rf2 axb3 26. axb3 Qc7 27. Nf4 Ne7 28. Rdf1
Bb5 29. g4 Qd7 30. Qe2 Rbe8 31. h4 Qc8 32. g5 hxg5 33. hxg5 Bd7 34. Bh3 Bxh3
35. Rh2 Rh8 36. Rxh3+ Kg8 37. Rxh8+ Bxh8 38. Qf3 Rf8 39. Qg3 Qc6 40. Qf3 Bg7
41. Kg2 Qd7 42. Rf2 Be5 43. Rf1 Kg7 44. Ne2 Nc6 45. Bf4 Qe7 46. Bxe5+ dxe5 47.
Qf6+ Qxf6 48. Rxf6 Rc8 49. Ng1 Nd4 50. Nf3 Nxc2 51. Nxe5 Rc7 52. Nc4 Ne1+ 53.
Kg3 Nxd3 54. Rf3 Rd7 55. Re3 Rd4 56. Kf3 Kf8 57. e5 Nf4 58. Re4 Ne6 59. Rxd4
Nxd4+ 60. Ke4 Nxb3 61. Kd5 Ke7 62. Nb2 Nd2 63. Kxc5 Nf3 64. Kxb4 Nxe5 65. Kc5
Nf3 66. Kd5 Nxg5 67. Nd3 f5 68. Ne5 Kf6 69. Nd7+ Kg7 70. Ke5 Nf7+ 71. Kf4 Nd8
72. Nc5 Kf6 73. Nd7+ Ke7 74. Ne5 Ne6+ 75. Kg3 g5 76. Kf3 Kf6 77. Nd7+ Kg6 78.
Kg3 Ng7 79. Kf3 g4+ 80. Ke3 Kg5 81. Ne5 Nh5 82. Nf7+ Kg6 83. Ne5+ Kf6 84. Kd4
Nf4 85. Nd7+ Kg5 86. Ke3 Nd5+ 87. Kf2 f4 88. Nc5 Kf5 89. Nd3 Nf6 90. Kg2 Ne4
91. Ne1 Nc5 92. Kf2 Ke4 93. Ng2 Nd3+ 94. Kf1 f3 95. Nh4 Ne5 96. Kf2 Kf4 0-1

[Event "Aut_chT"]
[Site "Fürstenfeld"]
[Date "2003.03.15"]
[Round "10.1"]
[White "Herndl, Harald"]
[Black "Sprotte, Norbert"]
[Result "1-0"]
[WhiteElo "2329"]
[BlackElo "2260"]
[PlyCount "47"]
[EventDate "2003.03.14"]

1. d4 Nf6 2. c4 c5 3. d5 b5 4. cxb5 a6 5. e3 g6 6. Nc3 d6 7. Nf3 Bg7 8. a4 O-O
9. e4 axb5 10. Bxb5 Ba6 11. Bf4 Qb6 12. O-O Bxb5 13. axb5 Nbd7 14. Nd2 Nh5 15.
Bg5 Nhf6 16. Nc4 Qc7 17. Ra6 Rxa6 18. bxa6 Ra8 19. Qa4 Qa7 20. Ra1 h6 21. Bxf6
Bxf6 22. Nb5 Qb8 23. a7 Qb7 24. Qa6 1-0

[Event "Aut_chT"]
[Site "Fürstenfeld"]
[Date "2003.03.15"]
[Round "10.1"]
[White "Beck, Hartmuth"]
[Black "Fahrner, Kurt"]
[Result "0-1"]
[WhiteElo "2257"]
[BlackElo "2364"]
[PlyCount "70"]
[EventDate "2003.03.14"]

1. d4 d5 2. c4 c6 3. Nf3 Nf6 4. Nc3 a6 5. c5 h6 6. h3 Bf5 7. Bf4 Nbd7 8. e3 e6
9. Bd3 Bxd3 10. Qxd3 b6 11. b4 a5 12. b5 Rc8 13. cxb6 Qxb6 14. O-O Bb4 15. Rab1
O-O 16. bxc6 Qxc6 17. Nb5 Rfd8 18. Na7 Qc2 19. Rfd1 Rc3 20. Qxc2 Rxc2 21. Rdc1
Rxa2 22. Nc6 Ra8 23. Nxb4 axb4 24. Rxb4 R8a7 25. Ne5 Nxe5 26. Bxe5 Ne4 27. f3
Nd2 28. Rb8+ Kh7 29. Rbc8 Nc4 30. Bb8 Ra8 31. Rb1 Nxe3 32. g4 Nc4 33. Rb7 Nd6
34. Bxd6 Rxc8 35. Bc5 e5 0-1

[Event "Aut_chT"]
[Site "Fürstenfeld"]
[Date "2003.03.15"]
[Round "10.1"]
[White "Frosch, Erich"]
[Black "Opl, Klaus"]
[Result "1-0"]
[WhiteElo "2343"]
[BlackElo "2283"]
[PlyCount "75"]
[EventDate "2003.03.14"]

1. d4 Nf6 2. c4 e6 3. Nf3 d5 4. Nc3 c6 5. Bg5 h6 6. Bh4 dxc4 7. e4 g5 8. Bg3 b5
9. Qc2 g4 10. Ne5 Qxd4 11. Rd1 Qb6 12. Be2 h5 13. Bh4 Be7 14. Ng6 fxg6 15. e5
Kf7 16. Bxf6 Bxf6 17. exf6 Nd7 18. h3 Nxf6 19. hxg4 e5 20. Rd6 Qc7 21. Qd2 Bxg4
22. f4 Rad8 23. fxe5 Rxd6 24. exd6 Qd7 25. Bxg4 Qxg4 26. O-O Re8 27. Qf2 Re6
28. Qxa7+ Ke8 29. Rxf6 Re1+ 30. Rf1 Rxf1+ 31. Kxf1 Qf4+ 32. Ke2 Qxd6 33. Qe3+
Kd8 34. Ne4 Qe6 35. Qg5+ Kc7 36. Ke3 Kb7 37. Qd8 c5 38. Qg5 1-0

[Event "Aut_chT"]
[Site "Fürstenfeld"]
[Date "2003.??.??"]
[Round "10.2"]
[White "Kindermann, Stefan"]
[Black "Pinter, Jozsef"]
[Result "1/2-1/2"]
[WhiteElo "2516"]
[BlackElo "2562"]
[PlyCount "129"]
[EventDate "2003.03.14"]

1. e4 e5 2. Nf3 Nc6 3. Bb5 a6 4. Bxc6 dxc6 5. O-O Qd6 6. Na3 b5 7. c3 c5 8. Nc2
Bb7 9. Re1 Rd8 10. a4 b4 11. Qe2 Ne7 12. cxb4 cxb4 13. d4 f6 14. dxe5 fxe5 15.
Bg5 h6 16. Bh4 g5 17. Bg3 Ng6 18. Ne3 Qe6 19. Nd5 Bd6 20. Qc4 Kf7 21. Rac1 c5
22. Nd2 Bf8 23. Qe2 Bxd5 24. exd5 Rxd5 25. Nc4 Rh7 26. Bxe5 Kg8 27. Bg3 Qxe2
28. Rxe2 Re7 29. Rxe7 Bxe7 30. Kf1 Kf7 31. f3 Rd8 32. Bf2 Ke6 33. g3 Rd5 34.
Ke2 Ne5 35. Be3 Nd7 36. b3 Bf6 37. Nd2 Kd6 38. Ne4+ Kc6 39. Rc2 Bd4 40. Bxd4
Rxd4 41. Nd2 Ne5 42. Rc1 Kd5 43. Rf1 c4 44. bxc4+ Ke6 45. Rc1 a5 46. c5 Nc6 47.
Nb3 Rd7 48. Ke3 Ke5 49. h4 gxh4 50. gxh4 Rd8 51. Rg1 Ne7 52. f4+ Kf6 53. Nxa5
Nf5+ 54. Ke2 Nd4+ 55. Kf2 Ra8 56. Rd1 Ne6 57. Nb3 Rxa4 58. Ke3 Ra2 59. Rd6 Ke7
60. Rd3 Rc2 61. Rd5 Rc3+ 62. Rd3 Rc4 63. Rd5 Rc3+ 64. Rd3 Rc4 65. Rd5 1/2-1/2